1702 1579 1797 1186 1196 1856 1972 1549 1806 1652 1267 1255 1287 1815 1272 1132 1789 1647 1590 1760 1081 1298 1010 1991 1451 1922 1670 1245 1546 1254 1475 1793 1098 1850 1272 1475 1224 1405 1619 1051 1038 1788 1149 1666 1092 1514 1307 1833 1746 1094 1292 1371 1341 1752 1172 1029 1775 1921 1850 1619 1507 1511 1439 1220 1025 1203 1883 1834 1351 1184 1388 1736 1031 1086 1242 1824 1839 1563 1678 1463 1097 1020 1241 1203 1440 1116 1602 1990 1508 1514 1783 1499 1673 1899 1846 1053 1029 1923 1929 BCNSPRNW ULIB Ver.6.0+V

เปลี่ยนเป็นภาษาไทย

Change to English
 แสดงรายละเอียดบรรณานุกรม
  กลับหน้าหลัก

Brief Record : Get Marc (ISO 2709) : E-mail record : QR code < ปิดหน้าต่าง
LEADER : 00000nam 2200000uu 4500
001    13399115105
003     ULIB
008    110220s2550||||th 000 0 tha d
099    วจ.WY18.2^bจ531ค
100 0  จิราจันทร์ คณฑา
245 00 ผลการเรียนแบบศูนย์การเรียนต่อผลสัมฤทธิ์ทางการเรียนและพฤติกรรมการทำงานกลุ่มของนักศึกษาพยาบาล/^cจิราจันทร์ คณฑา,ปิ่นแก้ว โชติอำนวย และ พรวิไล คล้ายจันทร์
260    นครสวรรค์:^bวิทยาลัยพยาบาลบรมราชชนนี สวรรค์ประชารักษ์ นครสวรรค์,^c2550
300    67 หน้า
650  7 พฤติกรรมการทำงานกลุ่ม^xนักศึกษาพยาบาล^xวิจัย
700 02 ปิ่นแก้ว โชติอำนวย
700 02 พรวิไล คล้ายจันทร์
710 2  กระทรวงสาธารณสุข.^bสถาบันพระบรมราชนก.^bวิทยาลัยพยาบาลบรมราชชนนี สวรรค์ประชารักษ์ นครสวรรค์.
945    ^p0^l0^i032144
995    ทศพร
999 ^a ใช้งานได้ทุกระบบ
รายการนี้ยังไม่มีแท็ก
คุณยังไม่ได้ล็อกอิน คุณสามารถมีกิจกรรมร่วมกับเว็บไซต์ได้ แต่ต้องล็อกอินก่อน ::
  ล็อกอิน

รายการสื่อสารสนเทศ

ลำดับที่ ประเภท เลขเรียก/บาร์โค้ด สถานที่ สถานะ
1. งานวิจัย
งานวิจัย
วจ.WY18.2 จ531ค ฉ.1 
  Barcode: 032144
ห้องสมุดวิทยาเขตสวรรค์ประชารักษ์
►วิจัย
บนชั้น

รายการใกล้เคียง
    ผู้แต่ง [จิราจันทร์ คณฑา]

BibComment


ยังไม่เคยถูกคอมเมนท์

คอมเมนท์ทรัพยากรรายการนี้
  คอมเมนท์: ผลการเรียนแบบศูนย..


 Copyright 2026. Bcnsprnw @Library